The Modern Student's Life of Christ / (Record no. 5283)

MARC details
000 -LEADER
fixed length control field 00464nam a22001697a 4500
003 - CONTROL NUMBER IDENTIFIER
control field GBCCL
005 - DATE AND TIME OF LATEST TRANSACTION
control field 20241126110537.0
008 - FIXED-LENGTH DATA ELEMENTS--GENERAL INFORMATION
fixed length control field 180312b ||||| |||| 00| 0 eng d
040 ## - CATALOGING SOURCE
Transcribing agency gbc
082 ## - DEWEY DECIMAL CLASSIFICATION NUMBER
Classification number 232.9
Item number VOL
100 ## - MAIN ENTRY--PERSONAL NAME
Personal name Vollmer, Philip
9 (RLIN) 9532
245 ## - TITLE STATEMENT
Title The Modern Student's Life of Christ /
Statement of responsibility, etc. Philip Vollmer
260 ## - PUBLICATION, DISTRIBUTION, ETC.
Place of publication, distribution, etc. New York:
Name of publisher, distributor, etc. Fleming H. Revell Company,
Date of publication, distribution, etc. 1912
300 ## - PHYSICAL DESCRIPTION
Extent 353 p.;
Dimensions 19 cm.
650 ## - SUBJECT ADDED ENTRY--TOPICAL TERM
Topical term or geographic name entry element Life of Christ
9 (RLIN) 4928
942 ## - ADDED ENTRY ELEMENTS (KOHA)
Source of classification or shelving scheme Dewey Decimal Classification
Koha item type Books
Koha issues (borrowed), all copies 1
Holdings
Withdrawn status Lost status Source of classification or shelving scheme Damaged status Not for loan Home library Current Library Shelving location Date acquired Total checkouts Full call number Barcode Date last seen Date last checked out Copy number Price effective from Koha item type
    Dewey Decimal Classification     GRACE BIBLE COLLEGE GRACE BIBLE COLLEGE Theology 2018-03-12 1 232.9 VOL 000521 2025-05-01 2024-01-08 c.1 2018-03-12 Books
    Dewey Decimal Classification     GRACE BIBLE COLLEGE GRACE BIBLE COLLEGE Theology 2018-08-01   232.9 VOL 001722 2025-05-01   c.2 2018-08-01 Books
© Grace Bible College Library 2025